| 000 | 00719nam a22002657a 4500 | ||
|---|---|---|---|
| 003 | 0 | ||
| 005 | 20180703161922.0 | ||
| 008 | 0 | ||
| 010 | _aA-992008 | ||
| 020 |
_c00.00 _a8171414737 |
||
| 035 | _aA-992008, A-992011 | ||
| 037 | _bCen Lib/Ret | ||
| 040 |
_aDPL _bEN _c0 |
||
| 082 |
_a796.357 _bDUB |
||
| 100 |
_aDubey, H.C. _9101700 |
||
| 245 |
_aBaseball / _cby H.C. Dubey |
||
| 260 |
_aNew Delhi _bDiscovery Publishing House _c1999 |
||
| 270 |
_a4831/24, Ansari Road, Daryaganj _bNew Delhi _e110002 |
||
| 300 |
_a216p. _c22cm(Hb) |
||
| 490 | _aDPH Sports series | ||
| 500 | _aIncludes index. | ||
| 650 |
_aSports _9101701 |
||
| 650 |
_aBaesball _924560 |
||
| 942 |
_2ddc _cEN _h796.357 _mDUB |
||
| 999 |
_c128832 _d128832 |
||